[Event "ITA-ch U20"]
[Site "Tarvisio"]
[Date "2023.07.09"]
[Round "9"]
[White "Duranti, Riccardo"]
[Black "Mazzeo, Francesco"]
[Result "0-1"]
[WhiteElo "1352"]
[BlackElo "1744"]
[PlyCount "94"]
[EventDate "2023.07.02"]
[EventType "swiss"]
[EventRounds "9"]
[EventCountry "ITA"]
[SourceTitle "EXT 2024"]
[Source "ChessBase"]
[SourceDate "2023.10.10"]
[SourceVersion "1"]
[SourceVersionDate "2023.10.10"]
[SourceQuality "1"]

1. e4 e5 2. Nc3 Nf6 3. f4 d5 4. fxe5 Nxe4 5. Qf3 Nc6 6. Bb5 Nxc3 7. bxc3 Qh4+ 8. g3 Qe4+ 9. Qxe4 dxe4 10. Bxc6+ bxc6 11. d4 exd3 12. cxd3 Be7 13. Nf3 Bf5 14. d4 Bd3 15. Kf2 0-0 16. Rd1 Bc4 17. Be3 f6 18. Kg1 Be2 19. Kg2 Bxd1 20. Rxd1 Rfd8 21. Rd2 Rab8 22. exf6 Bxf6 23. Bf4 Rd7 24. Ne5 Bxe5 25. Bxe5 Rb5 26. Re2 c5 27. a4 Ra5 28. dxc5 Re7 29. Kf3 Rxc5 30. Bd4 Rxe2 31. Bxc5 Rxh2 32. Bxa7 Ra2 33. Bb8 c6 34. c4 Rxa4 35. c5 Kf7 36. Bf4 Rc4 37. Bd6 Ke6 38. Bf8 g6 39. g4 h5 40. gxh5 gxh5 41. Kg3 Kd5 42. Kh3 Rxc5 43. Bxc5 Kxc5 44. Kh4 Kd4 45. Kxh5 c5 46. Kg4 c4 47. Kf3 Kd3 0-1